Регионална библиотека "Любен Каравелов" - Русе

Кратка история на българската музикална култура (Запис номер 17044)

MARC детайли
000 -Лидер
Контролно поле с фиксирана дължина 01733nam a2200409 a 4500
003 - Код на организацията, давaща контролен номер
Контролно поле BLK
005 - Дата и час на последна редакция
Контролно поле 20240704165313.0
008 - Елементи от данни с фиксирана дължина
fixed length control field 180413b bul|||||r ||||||| ||bul||
010 ## - Наследен системен номер
LC control number KNG00018955000
020 ## - Международен стандартен номер на книга ISBN
Международен стандартен номер на книга ISBN 954-584-326-8
040 ## - Източник на каталожния запис
Идентификатор на билиотеката - собственик на записа BLK
041 ## - Код за език
Код за езика на текст/звукозапис или на отделно заглавие Български
Код за езика КДБФ Български
080 ## - УДК
Текстов определител УДК Музика
УДК код - определител по УДК 78
УДК определител .03(497.2)(035)
УДК - код + определител 78.03(497.2)(035)
080 ## - УДК
Текстов определител УДК Музика
УДК код - определител по УДК 78
УДК определител .071(497.2)(035)
УДК - код + определител 78.071(497.2)(035)
080 ## - УДК
Текстов определител УДК Биографии
УДК код - определител по УДК 929
УДК определител (497.2)
УДК - код + определител 929(497.2)
100 1# - Редна дума - Автор
Автор Крачева, Лилия Николаева
Авторска отговорност първи автор
R(LIN) 261616
139 ## - Редно поле
Редна дума Крачева, Лилия
Авторски знак Крал - К 89
245 10 - Сведения за заглавието
Заглавие Кратка история на българската музикална култура
Редно поле (дума) Лилия Николаева Крачева.
257 ## - Страна на издаване
Страна на създаване/издаване България
260 ## - Област на издателските данни
Име на издателя, разпространителя и проч. Абагар
Година на издаване 2001
Печатница София : Балкан прес
Място на издаване, разпространение и проч. София
300 ## - Физическа характеристика
Страници 511 с.
Илюстрации и др. с портр., ил., ноти
Размери/Мащаб 23 см
380 ## - Жанр
Жанр Изкуство
500 ## - Общи забележки
Забележка На кор. авт. Лили Крачева. - Съдържа и Дискусия за операта "Янините девет братя" / Любомир Пипков ; Нотни примери.
650 #4 - Допълнително описание по предмет – тема
Основно описание – тема или топоним Музика - България - история
9 (RLIN) 261617
650 #4 - Допълнително описание по предмет – тема
Основно описание – тема или топоним Композитори, български
9 (RLIN) 241861
650 #4 - Допълнително описание по предмет – тема
Основно описание – тема или топоним Музиканти, български
9 (RLIN) 260944
653 ## - Ключова дума – ненормативна
Ключова дума музика
653 ## - Ключова дума – ненормативна
Ключова дума български композитори
653 ## - Ключова дума – ненормативна
Ключова дума история на музиката
852 ## - Местоположение
Форматна сигнатура Цб 210609
Фондова буква Хранилище
856 4# - Електронен адрес и достъп
Електронен формат pdf - файл
Път до файла /url/
856 4# - Електронен адрес и достъп
Електронен формат pdf - файл
Път до файла /url/
942 ## - АРТИКУЛИ
Вид на библиотечния материал Книги
Скрит в OPAC Не
Koha issues (borrowed), all copies 3
944 ## - СЪЗДАВАНЕ И РЕДАКЦИЯ на ЗАПИСА
Създаване/Редакция Създаване
Дата на регистрацията/редакция 15.01.2003
Служител, извършил регистрацията/редакцията 30552
Статус, дата на статуса Виолета Тройчева
944 ## - СЪЗДАВАНЕ И РЕДАКЦИЯ на ЗАПИСА
Създаване/Редакция Редакция
Дата на регистрацията/редакция 11.07.2023
Служител, извършил регистрацията/редакцията ир
999 ## - СИСТЕМНИ КОНТРОЛНИ НОМЕРА
Koha biblionumber 17044
Koha biblioitemnumber 17044
999 ## - СИСТЕМНИ КОНТРОЛНИ НОМЕРА
Koha biblioitemnumber 17044
Наличности
Код за отписване Код за изгубен артикул Източник на класификационната схема Код за повреда Коз за рестрикции Код за отдаване Артикулен № Име на библиотеката - собственик Име на библиотеката, в която се намира в момента Статус (Текущо местоположение) Дата на вписване в системата Местоположение - отдел Цена в лева Инвентарен номер Систематично азбучна сигнатура Баркод Номер на екземпляра Цена в евро Служебна бележка Служебен тип на артикула
  Не е изгубен Universal Decimal Classification Не е повреден без рестрикции заемане за дома 28664 Регионална библиотека "Любен Каравелов" Русе Регионална библиотека "Любен Каравелов" Русе Отдел Изкуство - подръчен фонд 2002-01-11 Отдел Изкуство - подръчен фонд 14.00 668511 78.03(497.2)/К 89 120000668511 1 7.16 Дост: Pk Вид: Ф N: 52 Дата: 14.12.2001 Дата инв: 03.04.2017 Бележки инв: ИП2017 Книги
Изтеглен Не е изгубен Universal Decimal Classification Не е повреден без рестрикции заемане за дома 28665 Регионална библиотека "Любен Каравелов" Русе Регионална библиотека "Любен Каравелов" Русе Отдел Изкуство - подръчен фонд 2002-01-11 Отдел Изкуство - подръчен фонд 14.00 668512 78.03(497.2)/К 89 668512 2 7.16 Дост: Pk Вид: Ф N: 52 Дата: 14.12.2001 Дата инв: 03.04.2017 Бележки инв: ИП2017 Книги
  Не е изгубен Universal Decimal Classification Не е повреден без рестрикции заемане за дома 28666 Регионална библиотека "Любен Каравелов" Русе Регионална библиотека "Любен Каравелов" Русе Отдел Изкуство - подръчен фонд 2002-01-11 Отдел Изкуство - подръчен фонд 14.00 668513 78.03(497.2)/К 89 120000668513 3 7.16 Дост: Pk Вид: Ф N: 52 Дата: 14.12.2001 Дата инв: 03.04.2017 Бележки инв: ИП2017 Книги
  Не е изгубен Universal Decimal Classification Не е повреден само за читалня ползва се в читалня 28667 Регионална библиотека "Любен Каравелов" Русе Регионална библиотека "Любен Каравелов" Русе Хранилище 2003-10-15 Хранилище 14.00 120000679078 Цб 210609 120000679078 4 7.16 Дост: Dp Вид: Д N: 42 Дата: 09.10.2002 Книги
  Не е изгубен Universal Decimal Classification Не е повреден без рестрикции заемане за дома 28668 Регионална библиотека "Любен Каравелов" Русе Регионална библиотека "Любен Каравелов" Русе Отдел Изкуство - подръчен фонд 2007-10-10 Отдел Изкуство - подръчен фонд 14.00 120000717845 78.03(497.2)/К 89 120000717845 5 7.16 Дост: Pk Вид: Ф N: 9217 Дата: 01.10.2007 Дата инв: 21.06.2012 Бележки инв: Книги
Vip Innovations Ltd, Rousse, Bulgaria 2025